Фабий и Катон. Ч.2 (Запись № 13473893)

Подробности
000 -МАРКЕР
контрольное поле 03056nam2a22003851 4500
001 - ИДЕНТИФИКАТОР ЗАПИСИ
контрольное поле RU\NLR\A1\57
005 - ИДЕНТИФИКАТОР ВЕРСИИ
контрольное поле 20251203152403.2
035 ## - ДРУГИЕ СИСТЕМНЫЕ НОМЕРА
Идентификатор записи (NLR Aleph) 009670228
100 ## - ДАННЫЕ ОБЩЕЙ ОБРАБОТКИ
Данные общей обработки 19960516d1793 m y0rusy50 ca
101 1# - ЯЗЫК РЕСУРСА
Язык текста, звукозаписи и т.д. русский
Язык промежуточного перевода французский
Язык оригинала немецкий
140 ## - ПОЛЕ КОДИРОВАННЫХ ДАННЫХ: СТАРОПЕЧАТНЫЕ ИЗДАНИЯ - ОБЩАЯ ИНФОРМАЦИЯ
Кодированные данные о старопечатном издании - Основные y y ga yaa0000
200 0# - ЗАГЛАВИЕ И СВЕДЕНИЯ ОБ ОТВЕТСТВЕННОСТИ
Основное заглавие Ч.2
215 ## - ФИЗИЧЕСКАЯ ХАРАКТЕРИСТИКА
Специфическое обозначение материала и объем [4], 146 с.
316 ## - ПРИМЕЧАНИЯ ОБ ОСОБЕННОСТЯХ ЭКЗЕМПЛЯРА
Текст примечания Экз. РНБ (18.263.4.1(ч.2)): ч.1-2 в одном пер. На с.146 круглый штамп ГПБ.
Организация и экземпляр, к которому относится поле NLR: 18.263.4.1(ч.2)
316 ## - ПРИМЕЧАНИЯ ОБ ОСОБЕННОСТЯХ ЭКЗЕМПЛЯРА
Текст примечания Экз. РНБ (138/604(ч.2)): ч.1-2 в одном пер. На с.[4] наклейка с шифром РНБ. Экз. деф.: отсутствует шмуцтит. ( с.1-2).
Организация и экземпляр, к которому относится поле NLR: 138/604(ч.2)
316 ## - ПРИМЕЧАНИЯ ОБ ОСОБЕННОСТЯХ ЭКЗЕМПЛЯРА
Текст примечания Экз. РНБ (РЗФ 18 в. 3/1027 (ч.2)): ч.1-2 в одном пер. На с.146 техн. штамп.
Организация и экземпляр, к которому относится поле NLR: РЗФ 18 в. 3/1027 (ч.2)
316 ## - ПРИМЕЧАНИЯ ОБ ОСОБЕННОСТЯХ ЭКЗЕМПЛЯРА
Текст примечания Экз. РНБ (РЗФ 18 в. 3/1027 (ч.2)а): ч.1-2 в одном пер. Экз. деф.: отсутствуют с.[1-4]
Организация и экземпляр, к которому относится поле NLR: РЗФ 18 в. 3/1027 (ч.2)а
317 ## - ПРИМЕЧАНИЯ О ПРОИСХОЖДЕНИИ ЭКЗЕМПЛЯРА
Текст примечания Экз. РНБ (18.263.4.1(ч.2)) из б-ки А.Р.Баташёва. Куплен у В.И.Клочкова.
Организация и экземпляр, к которому относится поле NLR: 18.263.4.1(ч.2)
317 ## - ПРИМЕЧАНИЯ О ПРОИСХОЖДЕНИИ ЭКЗЕМПЛЯРА
Текст примечания В экз. РНБ (138/604(ч.2)) на с.[3] штамп экслибрис б-ки Е.Косицкого (Богомолов 7644 (ошиб.: 7744))
Организация и экземпляр, к которому относится поле NLR: 138/604(ч.2)
317 ## - ПРИМЕЧАНИЯ О ПРОИСХОЖДЕНИИ ЭКЗЕМПЛЯРА
Текст примечания В экз. РНБ (РЗФ 18 в. 3/1027 (ч.2)а) на с.1 владельч. штамп (Вензель на темном фоне под простой дворянской короной в овале 21х19 мм).
Организация и экземпляр, к которому относится поле NLR: РЗФ 18 в. 3/1027 (ч.2)а
461 #1 - УРОВЕНЬ НАБОРА
Встроенное поле 001RU\NLR\A1\55
-- 2000#$aФабий и Катон$eПовесть взятая из римской истории$fСочинение славнаго Галлера$gПеревел с французскаго Павел Полонский$vЧ.2
-- 700#1$6z01700$aГаллер$bА. фон$f1708-1777$gАльбрехт фон$4070
-- 700#1$6z01700$7ba$aHaller$bA. von$gAlbrecht von
Системный номер (АБИС) связанной записи 9657533
Автор Галлер, А. фон (1708-1777)
Место публикации В Санктпетербурге
Дата публикации 1793
Первые сведения об ответственности Сочинение славнаго Галлера.
Имя издателя, распространителя и т.д. [Тип. Овчинникова]
Сведения, относящиеся к заглавию Повесть взятая из римской истории
Заглавие Фабий и Катон
Номер тома Ч.2
482 #0 - ПРИПЛЕТЕНО К
Встроенное поле 001RU\NLR\A1\56
-- 2000#$aЧ.1
Системный номер (АБИС) связанной записи 13473892
Физическая характеристика [8], 124 с.
Заглавие Ч.1
702 #1 - ИМЯ ЛИЦА - ВТОРИЧНАЯ ОТВЕТСТВЕННОСТЬ
Начальный элемент ввода Косицкий
Часть имени, кроме начального элемента ввода Е.В.
Расширение инициалов личного имени Ефим Васильевич
Организация и экземпляр, к которому относится поле NLR: 138/604 (ч.2)
Код отношения Бывший владелец
702 #1 - ИМЯ ЛИЦА - ВТОРИЧНАЯ ОТВЕТСТВЕННОСТЬ
Код отношения Бывший владелец
Графика поля Кириллица
Материалы, к которым относится поле rus
Начальный элемент ввода Баташёв
Часть имени, кроме начального элемента ввода А. Р.
Даты 1724-1799
Расширение инициалов личного имени Андрей Родионович
Системный номер авторитетной/нормативной записи 177276
Идентификатор авторитетной/нормативной записи RU\NLR\AUTH\770177327
702 #1 - ИМЯ ЛИЦА - ВТОРИЧНАЯ ОТВЕТСТВЕННОСТЬ
Код отношения Бывший владелец
Графика поля Кириллица
Материалы, к которым относится поле rus
Начальный элемент ввода Клочков
Часть имени, кроме начального элемента ввода В. И.
Даты ок.1861-1915
Расширение инициалов личного имени Василий Иванович
Системный номер авторитетной/нормативной записи 172600
Идентификатор авторитетной/нормативной записи RU\NLR\AUTH\770172651
801 #0 - ИСТОЧНИК ЗАПИСИ
Страна Российская Федерация
Организация NLR
Дата составления 19960516
852 ## - МЕСТОНАХОЖДЕНИЕ И ШИФР ХРАНЕНИЯ
Идентификатор организации NLR
Шифр хранения (Call Number) 18.263.4.1(ч.2)
852 ## - МЕСТОНАХОЖДЕНИЕ И ШИФР ХРАНЕНИЯ
Идентификатор организации NLR
Шифр хранения (Call Number) 138/604(ч.2)
852 ## - МЕСТОНАХОЖДЕНИЕ И ШИФР ХРАНЕНИЯ
Идентификатор организации NLR
Наименование фонда или коллекции (Sub-Location Identifier) РЗФ
Шифр хранения (Call Number) 18 в. 3/1027 (ч.2)
852 ## - МЕСТОНАХОЖДЕНИЕ И ШИФР ХРАНЕНИЯ
Идентификатор организации NLR
Наименование фонда или коллекции (Sub-Location Identifier) РЗФ
Шифр хранения (Call Number) 18 в. 3/1027 (ч.2)а
Публикуемое примечание Экз. деф.
942 ## - ДОПОЛНИТЕЛЬНЫЕ ЭЛЕМЕНТЫ ЗАПИСИ (АБИС)
Тип экземпляра АБИС Книга
980 ## - КОЛЛЕКЦИЯ
Название коллекции Русская книга гражданской печати XVIII в. в библиотеках РФ
980 ## - КОЛЛЕКЦИЯ
Название коллекции Национальная библиография

Нет доступных экземпляров.